| 000 | 01162nac a22002891u 4500 | ||
|---|---|---|---|
| 010 | _a 2006037543 | ||
| 020 | _a9780073511283 (alk. paper) | ||
| 020 | _a0073511285 (alk. paper) | ||
| 035 | _a(OCoLC)ocm83752478 | ||
| 035 | _a(OCoLC)83752478 | ||
| 082 | 0 | 0 |
_a336.73 _bROS |
| 090 |
_c8687 _d8687 |
||
| 100 | _aRosen, Harvey S. | ||
| 245 | 1 | 0 |
_aPublic finance / _cHarvey S. Rosen, Ted Gayer. |
| 250 |
_a8th ed. _bInternational ed. |
||
| 260 |
_aBoston : _bMcGraw-Hill Irwin,c2008. _cc2008. |
||
| 300 |
_axxvi, 596 p. : _bill. ; _c27 cm. |
||
| 500 | _aDistributer: Baccah. | ||
| 504 | _aIncludes bibliographical references (p. 570-582) and indexes. | ||
| 511 | _aCatalogued By: Mahitab. | ||
| 650 | 0 |
_aFinance, Public _zUnited States. |
|
| 700 | 1 |
_aGayer, Ted, _d1970- |
|
| 856 | 4 | 1 |
_3Table of contents only _uhttp://www.loc.gov/catdir/toc/ecip075/2006037543.html |
| 856 | 4 | 1 |
_3Publisher description _uhttp://www.loc.gov/catdir/enhancements/fy0708/2006037543-d.html |
| 942 |
_cBB _k336.73ROS |
||
| 999 |
_c8687 _d8687 |
||